• 首页
  • 本馆介绍
  • 公告通知
  • 最新文献
  • 馆藏检索
  • 电子资源
  • 读者导购
  • 参考咨询
  • 我的图书馆
  • 登录
  • 详细信息显示
  • 放入我的书架
  • 预约/预借图书
  • 作者相关作品
  • 分类相关作品
  • 丛书相关作品
  • 出版社相关作品

书目信息

  • 表格格式
  • 工作单格式
  • 卡片格式
书名: Social inequality
作者: Charles E. Hurst.
分册号:
分册名:
出版地: Boston, Mass. ;
 
出版社: Pearson/Allyn and Bacon
出版时间: 1994.
页数: xi, 435 p. :
开本: 24 cm.
丛书名:
中图分类号:
科图分类号:
其他分类号: D771.26
主题词:
电子资源:
000 00848cam 2200253 a 4500
001 E0759669467
005 20070513164028.07
008 0305081994 maua b 001 0 eng d
020    @a0-205-15616-9.
040    @aUKM@cUKM
090    @aD771.26/X30
090    @aD771.26
092    @aCN@bZK2004.10.4-44
093    @aD771.26 @2 4
099    @dD771.26@ex111=2
100 1  @aHurst, Charles E.
245 10 @aSocial inequality :@bforms, causes, and consequences / @cCharles E. Hurst.
250    @a2nd ed.
260    @aBoston, Mass. ;@aLondon :@bPearson/Allyn and Bacon,@c1994.
300    @axi, 435 p. :@bill. ;@c24 cm.
504    @aIncludes bibliographical references (p. 381-427) and index.
650  0 @aEquality@zUnited States.
651  0 @aUnited States@xSocial conditions.
730 0  @aCollege of Wooster author collection.
    
    Social inequality : : forms, causes, and consequences / / Charles E. Hurst.-2nd ed.-Boston, Mass. ; ; London : : Pearson/Allyn and Bacon, , 1994.
    xi, 435 p. : : ill. ; ; 24 cm.
    Includes bibliographical references (p. 381-427) and index.
    
    ISBN 0-205-15616-9.
    
●
相关链接 在E读中查询图书 在五车中查询图书 在当当中查询图书 在豆瓣中查询图书


正题名:Social inequality     索取号:D771.26/x111=2         预约/预借

序号 登录号 条形码 馆藏地/架位号 状态 备注
1 0008530   300085306   第二样本阅览室/ [索取号:D771.26/x111=2] 在馆    
2 0008531   300085315   密集书库/ [索取号:D771.26/x111=2] 在馆    
3 0008532   300085324   密集书库/ [索取号:D771.26/x111=2] 在馆    
4 0008533   300085333   第四借阅区/ [索取号:D771.26/x111=2] 在馆    
5 0008534   300085342   第四借阅区/ [索取号:D771.26/x111=2] 在馆    
唐山师范学院图书馆 欢迎您!
大连网信软件有限公司© 版权所有